[Event "Vanilla Extract"]
[Site "SchemingMind.com"]
[Date "2007.04.28"]
[Round "-"]
[White "fourluxflakes"]
[Black "harmy"]
[Result "0-1"]
[WhiteCountry "ENG"]
[BlackCountry "USA"]
[WhiteElo "1947"]
[WhiteRD "66"]
[BlackElo "1904"]
[BlackRD "95"]
[GameID "102373"]

1. e4 e5 2. Bc4 Nf6 3. d3 Nc6 4. Nf3 Bc5 5. O-O d6 6. c3 Bg4 7. Nbd2 a6 8. Bb3 Ne7 9. Re1 Ng6 10. Nf1 Qd7
11. Ne3 Nh4 12. Nxg4 Qxg4 13. Nxh4 Qxh4 14. Qf3 Ng4 15. Qxf7+ Kd8 16. Be3 Bxe3 17. Rxe3 Qxh2+ 18. Kf1 Nxe3+ 19. Ke2 Qf4 20. Qxf4 exf4
21. fxe3 f3+ 22. gxf3 Ke7 23. f4 Raf8 24. Rg1 g6 25. d4 b5 26. a3 a5 27. Bd5 Kd7 28. Kd3 c6 29. Bb3 b4 30. axb4 axb4
31. cxb4 Rb8 32. Kc3 Rb7 33. Rh1 Ke7 34. d5 cxd5 35. Bxd5 Rc7+ 36. Kb3 h5 37. Rh4 Kf6 38. b5 g5 39. fxg5+ Kxg5 40. Rh1 Rc5
41. Bc6 h4 42. Rh3 Rh7
0-1

[Event "Vanilla Extract"]
[Site "SchemingMind.com"]
[Date "2007.04.27"]
[Round "-"]
[White "harmy"]
[Black "fourluxflakes"]
[Result "1/2-1/2"]
[WhiteCountry "USA"]
[BlackCountry "ENG"]
[WhiteElo "1943"]
[WhiteRD "85"]
[BlackElo "1891"]
[BlackRD "68"]
[GameID "102379"]

1. d4 Nf6 2. c4 g6 3. Nc3 Bg7 4. e4 d6 5. Be2 O-O 6. Bg5 Na6 7. Qd2 e5 8. dxe5 dxe5 9. Qxd8 Rxd8 10. Nf3 Re8
11. O-O-O Bg4 12. h3 Bxf3 13. Bxf3 Nc5 14. Rhe1 c6 15. Be3=
1/2-1/2

[Event "Vanilla Extract"]
[Site "SchemingMind.com"]
[Date "2007.05.11"]
[Round "-"]
[White "C. H. O'D. Schlechter"]
[Black "Mekk"]
[Result "1-0"]
[WhiteCountry "USA"]
[BlackCountry "POL"]
[WhiteElo "2395"]
[WhiteRD "70"]
[BlackElo "1841"]
[BlackRD "74"]
[GameID "103963"]

1. d4 Nf6 2. c4 g6 3. Nc3 Bg7 4. e4 d6 5. Nf3 O-O 6. Be2 c6 7. O-O a6 8. Bg5 b5 9. Qc2 Qc7 10. cxb5 cxb5
11. Rac1 Nbd7 12. Qd2 Qa7 13. a3 e5 14. dxe5 dxe5 15. Bd1 Bb7 16. Be3 Qb8 17. Bb3 Qe8 18. Rfd1 Rd8 19. h3 Nxe4 20. Nxe4 Bxe4
21. Ng5 Bf5 22. g4 Be6 23. Nxe6 fxe6 24. Rc6 Nb8 25. Rxe6
1-0

[Event "Vanilla Extract"]
[Site "SchemingMind.com"]
[Date "2007.05.11"]
[Round "-"]
[White "Mekk"]
[Black "C. H. O'D. Schlechter"]
[Result "0-1"]
[WhiteCountry "POL"]
[BlackCountry "USA"]
[WhiteElo "1884"]
[WhiteRD "72"]
[BlackElo "2392"]
[BlackRD "68"]
[GameID "103973"]

1. e4 e5 2. Nf3 Nc6 3. Bb5 a6 4. Ba4 Nf6 5. O-O Be7 6. Re1 b5 7. Bb3 d6 8. c3 O-O 9. h3 Bb7 10. d4 Re8
11. Nbd2 Bf8 12. a4 h6 13. Bc2 exd4 14. cxd4 Nb4 15. Bb1 c5 16. d5 Nd7 17. Ra3 f5 18. Nh2 Nf6 19. Rf3 Re5 20. Rxf5 Rxf5
21. exf5 Bxd5 22. Ng4 Nxg4 23. Qxg4 Qg5 24. axb5 Qxg4 25. hxg4 axb5 26. Nf1 Ba2 27. Bd2 Bxb1 28. Bxb4 Bd3 29. Bd2 Ra2 30. Bc1 d5
31. Ng3 d4 32. Nh5 c4 33. Nf4 Bb4 34. Nxd3 Bxe1 35. Nxe1 Ra1 36. Bd2 Rd1 37. Ba5 c3 38. bxc3 Rxe1+ 39. Kh2 d3 40. c4 Ra1
0-1

[Event "Vanilla Extract"]
[Site "SchemingMind.com"]
[Date "2007.05.17"]
[Round "-"]
[White "Austin Lockwood"]
[Black "Wolli"]
[Result "1-0"]
[WhiteCountry "ENG"]
[BlackCountry "GER"]
[WhiteElo "1805"]
[WhiteRD "89"]
[BlackElo "1845"]
[BlackRD "73"]
[GameID "105624"]

1. e4 d6 2. d4 Nf6 3. Nc3 g6 4. Nf3 Bg7 5. h3 O-O 6. Be3 a6 7. Bd3 b5 8. O-O Bb7 9. e5 dxe5 10. dxe5 Nd5
11. Nxd5 Bxd5 12. b3 Nd7 13. c4 Bxf3 14. gxf3 Nxe5 15. Be2 Qxd1 16. Raxd1 bxc4 17. f4 Nc6 18. Bf3 cxb3 19. Bxc6 Rab8 20. axb3 Rxb3
21. Rd7 e6 22. Rxc7 a5 23. Rd1 Rc3 24. Rd6 a4 25. Bd2 Rc2 26. Ra7
1-0

[Event "Vanilla Extract"]
[Site "SchemingMind.com"]
[Date "2007.05.17"]
[Round "-"]
[White "Wolli"]
[Black "Austin Lockwood"]
[Result "1-0"]
[WhiteCountry "GER"]
[BlackCountry "ENG"]
[WhiteElo "1845"]
[WhiteRD "73"]
[BlackElo "1805"]
[BlackRD "89"]
[GameID "105635"]

1. d4 Nf6 2. c4 g6 3. Nc3 Bg7 4. e4 d6 5. f3 O-O 6. Be3 e5 7. d5 c5 8. Qd2 Bd7 9. Bd3 Na6 10. a3 Nh5
11. O-O-O Qb6 12. Nge2 Nf6 13. Kb1 Nc7 14. g4 Qa5 15. Ng3 h6 16. h4 b5 17. Nxb5 Qxd2 18. Rxd2 Nxb5 19. cxb5 g5 20. hxg5 hxg5
21. Bxg5 c4 22. Bxc4 Rac8 23. Bd3 Rc7 24. Rdh2 Rfc8 25. Be3
1-0

[Event "Vanilla Extract"]
[Site "SchemingMind.com"]
[Date "2007.05.20"]
[Round "-"]
[White "Robert Pallett"]
[Black "Andoni Zabala"]
[Result "1-0"]
[WhiteCountry "ENG"]
[BlackCountry "INT"]
[WhiteElo "2289"]
[WhiteRD "71"]
[BlackElo "1718"]
[BlackRD "95"]
[GameID "105844"]

1. e4 c5 2. Nf3 d6 3. d4 cxd4 4. Nxd4 Nf6 5. Nc3 a6 6. Be3 g6 7. f3 Bg7 8. Qd2 O-O 9. O-O-O Nc6 10. g4 Nxd4
11. Bxd4 b5 12. h4 h5 13. Bxf6 Bxf6 14. gxh5 Kg7 15. hxg6 fxg6 16. h5 Rh8 17. h6+ Kh7 18. Qd5 Qg8 19. Qxa8 Qf7 20. Qc6 Bg5+
21. Kb1 Bxh6 22. Bh3 Bxh3 23. Rxh3 Kg7 24. Nd5 e6 25. Nc7 Rc8 26. Nxe6+ Qxe6 27. Qb7+
1-0

[Event "Vanilla Extract"]
[Site "SchemingMind.com"]
[Date "2007.05.21"]
[Round "-"]
[White "Andoni Zabala"]
[Black "Robert Pallett"]
[Result "0-1"]
[WhiteCountry "INT"]
[BlackCountry "ENG"]
[WhiteElo "1705"]
[WhiteRD "107"]
[BlackElo "2340"]
[BlackRD "73"]
[GameID "105853"]

1. e4 c5 2. Nf3 Nc6 3. d4 cxd4 4. Nxd4 Nf6 5. Nc3 e5 6. Ndb5 d6 7. Bg5 a6 8. Na3 b5 9. Nd5 Be7 10. Nxe7 Qxe7
11. Bd3 h6 12. Bh4 Be6 13. O-O O-O 14. c3 Rad8 15. f3 d5 16. exd5 Rxd5 17. Qe2 Rfd8 18. Rfd1 b4 19. Nc2 bxc3 20. bxc3 Qd6
21. Ne1 Bf5 22. Bc2 g5 23. Rxd5 Nxd5 24. Bxf5 gxh4 25. Rc1 Nf4 26. Qf2 Qf6 27. Be4 Qg5 28. Kf1 Na5 29. c4 Rd4 30. c5 Nc4
31. Rxc4 Rxc4 32. c6 Rc1 33. Qb2 Nxg2 34. Qb8+ Kg7
0-1

[Event "Vanilla Extract"]
[Site "SchemingMind.com"]
[Date "2007.05.24"]
[Round "-"]
[White "javilez"]
[Black "kisei"]
[Result "0-1"]
[WhiteCountry "NCA"]
[BlackCountry "HUN"]
[WhiteElo "1797"]
[WhiteRD "61"]
[BlackElo "2027"]
[BlackRD "78"]
[GameID "106421"]

1. d4 Nf6 2. c4 c5 3. d5 e6 4. Nc3 exd5 5. cxd5 d6 6. e4 Nbd7 7. f4 g6 8. Nf3 Bg7 9. Bd3 O-O 10. O-O Re8
11. Qc2 Nb6 12. b3 Nxe4 13. Bxe4 Rxe4 14. Qxe4 Bxc3 15. Bd2 Bxa1 16. Rxa1 Bf5 17. Qe2 Nxd5 18. Re1 Qb6 19. Kh1 Qc6 20. Qc4 b5
21. Qc1 Re8 22. Rxe8+ Qxe8 23. Kg1 Qe2 24. Qe1 Qxe1+ 25. Nxe1 b4 26. h3 Bb1
0-1

[Event "Vanilla Extract"]
[Site "SchemingMind.com"]
[Date "2007.05.26"]
[Round "-"]
[White "kisei"]
[Black "javilez"]
[Result "1-0"]
[WhiteCountry "HUN"]
[BlackCountry "NCA"]
[WhiteElo "2027"]
[WhiteRD "78"]
[BlackElo "1797"]
[BlackRD "61"]
[GameID "106430"]

1. e4 c5 2. Nf3 d6 3. d4 cxd4 4. Nxd4 Nf6 5. Nc3 a6 6. Be3 e6 7. Qd2 Qc7 8. f3 b5 9. Bd3 Nbd7 10. O-O Bb7
11. a3 Be7 12. Rfd1 Rd8 13. Bxb5 axb5 14. Ndxb5 Qc6 15. Nxd6+ Kf8 16. Nxb7 Qxb7 17. a4 g6 18. Nb5 Kg7 19. c4 Bc5 20. Qf2 Bxe3
21. Qxe3 Ne5 22. b3 Rd7 23. Rxd7 Qxd7 24. a5 Ra8 25. Qc5 Nd3 26. Qc7 Qxc7 27. Nxc7 Ra7 28. a6 Nb4 29. Ra4 Rxc7 30. Rxb4 Nd7
31. Rb7 Rxb7 32. axb7 Nb8 33. b4 Kf8 34. b5 Ke7 35. e5 Kd8 36. c5 Kc7 37. c6
1-0

[Event "Vanilla Extract"]
[Site "SchemingMind.com"]
[Date "2007.05.31"]
[Round "-"]
[White "doodledandy"]
[Black "smozar0406"]
[Result "1-0"]
[WhiteCountry "CAN"]
[BlackCountry "IND"]
[WhiteElo "2471"]
[WhiteRD "81"]
[BlackElo "1843"]
[BlackRD "110"]
[GameID "106959"]

1. e4 c5 2. Nf3 d6 3. Bb5+ Bd7 4. Bxd7+ Qxd7 5. O-O Nc6 6. c3 Nf6 7. d4 cxd4 8. cxd4 Nxe4 9. d5 Nd8 10. Re1 Nf6
11. Bg5 e5 12. Bxf6 gxf6 13. Nh4 h5 14. Nc3 Qg4 15. Ne4 Be7 16. Qxg4 hxg4 17. Nf5 Kd7 18. Rac1 Rg8 19. Rc3
1-0

[Event "Vanilla Extract"]
[Site "SchemingMind.com"]
[Date "2007.05.27"]
[Round "-"]
[White "MichaelDV"]
[Black "Louis Lima"]
[Result "1/2-1/2"]
[WhiteCountry "SWE"]
[BlackCountry "ESP"]
[WhiteElo "2325"]
[WhiteRD "71"]
[BlackElo "1823"]
[BlackRD "77"]
[GameID "106960"]

1. Nf3 c5 2. c4 g6 3. d4 cxd4 4. Nxd4 Nc6 5. e4 Nf6 6. Nc3 d6 7. Be2 Nxd4 8. Qxd4 Bg7 9. O-O O-O 10. Qe3 Be6
11. Bd2 Qb6 12. Qxb6 axb6 13. a4 Rfc8 14. b3 Nd7 15. Rab1 Nc5 16. Nd5 Bxd5 17. exd5 Ne4 18. Be3 Nc3 19. Rbe1 Nxe2+ 20. Rxe2 Ra6
21. Bg5=
1/2-1/2

[Event "Vanilla Extract"]
[Site "SchemingMind.com"]
[Date "2007.06.01"]
[Round "-"]
[White "smozar0406"]
[Black "doodledandy"]
[Result "0-1"]
[WhiteCountry "IND"]
[BlackCountry "CAN"]
[WhiteElo "1843"]
[WhiteRD "110"]
[BlackElo "2471"]
[BlackRD "81"]
[GameID "106965"]

1. e4 c5 2. Nf3 Nc6 3. d4 cxd4 4. Nxd4 Nf6 5. Nc3 d6 6. Be2 e5 7. Nb3 Be7 8. O-O O-O 9. Be3 Be6 10. h3 d5
11. exd5 Nxd5 12. Nxd5 Bxd5 13. Bf3 e4 14. Be2 f5 15. f4 Rc8 16. Nd4 Nxd4 17. Bxd4 Bc5 18. Bxc5 Rxc5 19. Qd2 Qb6 20. Kh1 Qxb2
0-1

[Event "Vanilla Extract"]
[Site "SchemingMind.com"]
[Date "2007.05.27"]
[Round "-"]
[White "Louis Lima"]
[Black "MichaelDV"]
[Result "0-1"]
[WhiteCountry "ESP"]
[BlackCountry "SWE"]
[WhiteElo "1823"]
[WhiteRD "77"]
[BlackElo "2325"]
[BlackRD "71"]
[GameID "106966"]

1. d4 Nf6 2. Nf3 e6 3. e3 b6 4. c4 Bb7 5. Nc3 Bb4 6. Bd3 O-O 7. O-O c5 8. a3 Bxc3 9. bxc3 Ne4 10. Nd2 Nxd2
11. Bxd2 Nc6 12. f4 f5 13. Be2 Na5 14. Be1 Rc8 15. d5 exd5 16. cxd5 Qe7 17. Rf3 Qe4 18. d6 Qe6 19. Rh3 Rc6 20. c4 Nxc4
0-1

[Event "Vanilla Extract"]
[Site "SchemingMind.com"]
[Date "2007.06.03"]
[Round "-"]
[White "Lazaro"]
[Black "pawngrabber"]
[Result "1-0"]
[WhiteCountry "CUB"]
[BlackCountry "ENG"]
[WhiteElo "1902"]
[WhiteRD "58"]
[BlackElo "1859"]
[BlackRD "74"]
[GameID "107159"]

1. e4 d6 2. d4 Nf6 3. Nc3 g6 4. Be2 Bg7 5. f4 O-O 6. Be3 Nc6 7. e5 dxe5 8. dxe5 Qxd1+ 9. Rxd1 Ng4 10. Bc1 Be6
11. Nf3 a6 12. Ng5 Bc8 13. Nd5 Rd8 14. Nxc7 Rxd1+ 15. Bxd1 Rb8 16. h3 Nh6 17. g4 Bd7 18. e6 Rc8 19. exf7+ Nxf7 20. Nxf7 Rxc7
21. Ng5 Nb4 22. c3 Nd3+ 23. Kd2 Nxf4 24. Bb3+ Kh8 25. Nf7+ Kg8 26. Rf1 Ng2 27. Kc2 Bc6 28. Ne5+ Kh8 29. Nxc6 Rxc6 30. Bd5
1-0

[Event "Vanilla Extract"]
[Site "SchemingMind.com"]
[Date "2007.07.27"]
[Round "-"]
[White "doodledandy"]
[Black "Wolli"]
[Result "1-0"]
[WhiteCountry "CAN"]
[BlackCountry "GER"]
[WhiteElo "2474"]
[WhiteRD "90"]
[BlackElo "1852"]
[BlackRD "71"]
[GameID "114226"]

1. e4 e6 2. d4 d5 3. Nd2 Nf6 4. e5 Nfd7 5. Bd3 c5 6. c3 Nc6 7. Ne2 Qb6 8. Nf3 cxd4 9. cxd4 Bb4+ 10. Bd2 Bxd2+
11. Qxd2 Qb4 12. Rc1 Qxd2+ 13. Kxd2 f6 14. exf6 Nxf6 15. h3 Bd7 16. Ke3 Rc8 17. g4 O-O 18. Ne5 Nxe5 19. dxe5 Ne8 20. Rxc8 Bxc8
21. f4 g6 22. h4 Ng7 23. Rc1 Rd8 24. Nd4 Ne8 25. h5 gxh5 26. gxh5 h6 27. Rg1+ Kf7 28. Rg6
1-0

[Event "Vanilla Extract"]
[Site "SchemingMind.com"]
[Date "2007.07.27"]
[Round "-"]
[White "Wolli"]
[Black "doodledandy"]
[Result "0-1"]
[WhiteCountry "GER"]
[BlackCountry "CAN"]
[WhiteElo "1852"]
[WhiteRD "71"]
[BlackElo "2474"]
[BlackRD "90"]
[GameID "114238"]

1. d4 Nf6 2. c4 e6 3. Nf3 Bb4+ 4. Nc3 b6 5. Qb3 c5 6. Bg5 Bb7 7. e3 O-O 8. Rd1 cxd4 9. exd4 Bxc3+ 10. bxc3 Bxf3
11. gxf3 Nc6 12. Bd3 h6 13. Bh4 Rc8 14. O-O d5 15. cxd5 Qxd5 16. Bxf6 Qxb3 17. axb3 gxf6 18. Be4 Na5 19. b4 Nc4 20. b5 Rfd8
21. Ra1 f5 22. Bd3 Nd2 23. Rfd1 Nxf3+ 24. Kg2 Nh4+ 25. Kg3 Rxc3 26. Kxh4 Rxd4+ 27. Kh5 Rcxd3 28. Rxd3 Rxd3 29. Kxh6 Rh3+ 30. Kg5 Kg7
0-1

[Event "Vanilla Extract"]
[Site "SchemingMind.com"]
[Date "2007.09.05"]
[Round "-"]
[White "MichaelDV"]
[Black "Robert Pallett"]
[Result "1-0"]
[WhiteCountry "SWE"]
[BlackCountry "ENG"]
[WhiteElo "2370"]
[WhiteRD "72"]
[BlackElo "2338"]
[BlackRD "76"]
[GameID "119288"]

1. Nf3 c5 2. c4 Nf6 3. Nc3 Nc6 4. g3 d5 5. d4 dxc4 6. d5 Nb4 7. e4 Bg4 8. Bxc4 Bxf3 9. Qxf3 Nc2+ 10. Kf1 Qc8
11. Rb1 Nd4 12. Qd3 Qh3+ 13. Kg1 a6 14. b4 e5 15. b5 a5 16. b6 Be7 17. Nb5 O-O 18. d6 Bd8 19. Ba3 Nd7 20. Nc7 Rc8
21. Bb5 Nxb6 22. Bxc5 Nxb5 23. Qxb5 Nd7 24. Ba3 b6 25. Rc1 Bg5 26. Rc6 Kh8 27. Qf1 Qg4 28. f3 Be3+ 29. Kg2 Qh5 30. Qd3 Bd4
31. Rhc1 Qh6 32. R1c2 Nb8 33. R6c4 Nd7 34. Nb5 Rxc4 35. Qxc4 Bc5 36. Bxc5 bxc5 37. a4 Kg8 38. Qc3 Ra8 39. Rd2 Kf8 40. Nc7 Rb8
41. Qxa5 c4 42. Nb5 Rc8 43. Qc3
1-0

[Event "Vanilla Extract"]
[Site "SchemingMind.com"]
[Date "2007.09.05"]
[Round "-"]
[White "Robert Pallett"]
[Black "MichaelDV"]
[Result "1/2-1/2"]
[WhiteCountry "ENG"]
[BlackCountry "SWE"]
[WhiteElo "2325"]
[WhiteRD "74"]
[BlackElo "2361"]
[BlackRD "72"]
[GameID "119294"]

1. e4 c5 2. Nf3 Nc6 3. d4 cxd4 4. Nxd4 Nf6 5. Nc3 d6 6. Bg5 e6 7. Qd2 a6 8. O-O-O h6 9. Be3 Be7 10. f3 Nxd4
11. Qxd4 b5 12. e5 dxe5 13. Qxe5 Qa5 14. Bd2 Qb6 15. Qg3 Kf8 16. Ne4 Bb7 17. Nxf6 Bxf6 18. Bb4+ Kg8 19. Bd3=
1/2-1/2

[Event "Vanilla Extract"]
[Site "SchemingMind.com"]
[Date "2007.10.26"]
[Round "-"]
[White "harmy"]
[Black "Lazaro"]
[Result "0-1"]
[WhiteCountry "USA"]
[BlackCountry "CUB"]
[WhiteElo "1878"]
[WhiteRD "98"]
[BlackElo "1507"]
[BlackRD "47"]
[GameID "125470"]

1. d4 Nf6 2. c4 e6 3. Nc3 d5 4. Nf3 c6 5. e3 Nbd7 6. Bd3 dxc4 7. Bxc4 c5 8. O-O a6 9. d5 Nb6 10. dxe6 Qxd1
11. exf7+ Ke7 12. Rxd1 Nxc4 13. b3 Nd6 14. Ba3 b6 15. Na4 Rb8 16. Ne5 Bd7 17. Nxb6 Rxb6 18. Bxc5 Ke6 19. Nf3 Rb7 20. Ng5+ Kf5
21. Nxh7 Nxh7 22. Bxd6 Ke6 23. Bg3 Ba3 24. Rd4 Nf6
0-1

[Event "Vanilla Extract"]
[Site "SchemingMind.com"]
[Date "2007.10.25"]
[Round "-"]
[White "Lazaro"]
[Black "harmy"]
[Result "0-1"]
[WhiteCountry "CUB"]
[BlackCountry "USA"]
[WhiteElo "1874"]
[WhiteRD "51"]
[BlackElo "1907"]
[BlackRD "98"]
[GameID "125477"]

1. e4 e5 2. Nf3 Nc6 3. Bc4 Bc5 4. Nc3 d6 5. Na4 Bg4 6. Nxc5 dxc5 7. Bb5 Ne7 8. O-O Qd6 9. h3 h5 10. Bc4 Nd4
11. hxg4 hxg4 12. Bxf7+ Kf8
0-1

[Event "Vanilla Extract"]
[Site "SchemingMind.com"]
[Date "2007.11.18"]
[Round "-"]
[White "C. H. O'D. Schlechter"]
[Black "kisei"]
[Result "1-0"]
[WhiteCountry "USA"]
[BlackCountry "HUN"]
[WhiteElo "2391"]
[WhiteRD "69"]
[BlackElo "2093"]
[BlackRD "71"]
[GameID "128688"]

1. d4 Nf6 2. c4 c5 3. d5 e6 4. Nc3 exd5 5. cxd5 d6 6. e4 g6 7. Bd3 Bg7 8. h3 O-O 9. Nf3 b5 10. Bxb5 Nxe4
11. Nxe4 Qa5+ 12. Nfd2 Qxb5 13. Nxd6 Qa6 14. N2c4 Nd7 15. O-O Nb6 16. Nxb6 Qxb6 17. Nxc8 Raxc8 18. Re1 Qd6 19. Bg5 Rfe8 20. Qa4 Rxe1+
21. Rxe1 Qxd5 22. Re8+ Rxe8 23. Qxe8+ Bf8 24. Be7
1-0

[Event "Vanilla Extract"]
[Site "SchemingMind.com"]
[Date "2007.11.18"]
[Round "-"]
[White "kisei"]
[Black "C. H. O'D. Schlechter"]
[Result "0-1"]
[WhiteCountry "HUN"]
[BlackCountry "USA"]
[WhiteElo "2115"]
[WhiteRD "70"]
[BlackElo "2405"]
[BlackRD "71"]
[GameID "128694"]

1. e4 d6 2. d4 Nf6 3. Nc3 g6 4. f4 Bg7 5. Nf3 c5 6. Bb5+ Bd7 7. e5 Ng4 8. e6 fxe6 9. Ng5 Bxb5 10. Qxg4 Bc4
11. b3 Bxd4 12. Bd2 Bd5 13. Nxd5 exd5 14. O-O-O Nc6 15. Ne6 Qb6 16. f5 Bf6 17. Rhe1 Ne5 18. Qh3 a5 19. g4 a4 20. g5 axb3
21. cxb3 Rxa2 22. gxf6 Qa7
0-1

[Event "Vanilla Extract"]
[Site "SchemingMind.com"]
[Date "2007.12.21"]
[Round "-"]
[White "MichaelDV"]
[Black "doodledandy"]
[Result "1/2-1/2"]
[WhiteCountry "SWE"]
[BlackCountry "CAN"]
[WhiteElo "2319"]
[WhiteRD "64"]
[BlackElo "2461"]
[BlackRD "91"]
[GameID "134431"]

1. d4 Nf6 2. Nf3 d5 3. c4 e6 4. g3 dxc4 5. Bg2 a6 6. O-O Nc6 7. e3 Bd7 8. Qe2 b5 9. Nc3 Bd6 10. e4 Be7
11. d5 Nb4 12. Ne5 exd5 13. a3 Nd3 14. Nxd3 Bg4 15. Qd2 cxd3 16. e5 Ne4 17. Nxe4 dxe4 18. Bxe4 Be2 19. Re1= Rb8 20. Bc6+ Kf8
21. a4 b4 22. Rxe2 dxe2 23. Qxe2 Bc5 24. Qf3 Qe7 25. Bd5 h6 26. Bd2 Bd4 27. Re1 c5 28. e6 g5 29. Be3 f6 30. Bxd4 cxd4
31. Rd1 Rc8 32. Rxd4 Kg7 33. h4 Rhd8 34. h5 Rc1+ 35. Kg2 Rc5 36. Qf5 Kf8 37. b3 Rd6 38. Kh3 a5 39. Kg2 Qg7 40. Qe4 Qe7
41. Qd3=
1/2-1/2

[Event "Vanilla Extract"]
[Site "SchemingMind.com"]
[Date "2007.12.21"]
[Round "-"]
[White "doodledandy"]
[Black "MichaelDV"]
[Result "1/2-1/2"]
[WhiteCountry "CAN"]
[BlackCountry "SWE"]
[WhiteElo "2477"]
[WhiteRD "99"]
[BlackElo "2308"]
[BlackRD "67"]
[GameID "134437"]

1. e4 c5 2. Nf3 d6 3. Bb5+ Bd7 4. Bxd7+ Qxd7 5. O-O Nc6 6. c3 Nf6 7. d4 Nxe4 8. d5 Ne5 9. Re1 Nxf3+ 10. Qxf3 Nf6
11. c4 e5 12. dxe6 fxe6 13. Bg5 Be7 14. Nc3 h6 15. Bh4 O-O 16. Qh3 Kf7 17. Rad1 Rad8 18. f4 a6 19. Rd2 Rde8 20. b3 b5
21. Bf2 bxc4 22. bxc4 Qc8 23. Rde2 e5 24. Qxc8 Rxc8 25. fxe5 dxe5 26. Rxe5 Bd6 27. Re6 Rcd8 28. Na4 Ng4 29. g3 Nxf2 30. Kxf2 Rfe8
31. Rxe8 Rxe8 32. Rd1 Ke7 33. Rd5 Rb8 34. Ke3 Rb4=
1/2-1/2

[Event "Vanilla Extract"]
[Site "SchemingMind.com"]
[Date "2008.05.10"]
[Round "-"]
[White "C. H. O'D. Schlechter"]
[Black "harmy"]
[Result "1-0"]
[WhiteCountry "USA"]
[BlackCountry "USA"]
[WhiteElo "2428"]
[WhiteRD "73"]
[BlackElo "1926"]
[BlackRD "114"]
[GameID "153588"]

1. d4 d5 2. c4 c6 3. Nf3 Nf6 4. Nc3 dxc4 5. a4 Bf5 6. Ne5 Nbd7 7. Nxc4 Qc7 8. g3 e5 9. dxe5 Nxe5 10. Bf4 Rd8
11. Qc1 Bd6 12. Nxd6+ Qxd6 13. Bg2 O-O 14. a5 Qe6 15. O-O Rfe8 16. Qe3 Ng6 17. Qxe6 Rxe6 18. Be3 a6 19. Rfd1 Rde8 20. Bc5 h5
21. f3 Ne5 22. e4 Nxf3+ 23. Bxf3 Bxe4 24. Nxe4 Nxe4 25. Bxe4 Rxe4 26. Rd7 Rc4 27. b4 Re2 28. Rf1 h4 29. Rfxf7 Rg4 30. Rf2 Rxf2
31. Kxf2 h3 32. Rxb7 Rc4 33. Re7 g5 34. Ke3
1-0

[Event "Vanilla Extract"]
[Site "SchemingMind.com"]
[Date "2008.05.10"]
[Round "-"]
[White "harmy"]
[Black "C. H. O'D. Schlechter"]
[Result "0-1"]
[WhiteCountry "USA"]
[BlackCountry "USA"]
[WhiteElo "1890"]
[WhiteRD "116"]
[BlackElo "2418"]
[BlackRD "77"]
[GameID "153595"]

1. d4 Nf6 2. c4 e5 3. dxe5 Ng4 4. Nf3 Nc6 5. Bf4 Bb4+ 6. Nbd2 Qe7 7. e3 Ngxe5 8. Nxe5 Nxe5 9. Be2 d6 10. O-O a5
11. Rc1 O-O 12. Nf3 Bf5 13. Nd4 Bg6 14. Qb3 h6 15. h3 Bc5 16. Rfe1 a4 17. Qxb7 Rfb8 18. Qd5 c6 19. Nxc6 Nxc6 20. a3 Be4
21. Qd2 Qf6 22. Rc3 Rb7
0-1

[Event "Vanilla Extract"]
[Site "SchemingMind.com"]
[Date "2008.09.16"]
[Round "-"]
[White "doodledandy"]
[Black "C. H. O'D. Schlechter"]
[Result "1-0"]
[WhiteCountry "CAN"]
[BlackCountry "USA"]
[WhiteElo "2469"]
[WhiteRD "126"]
[BlackElo "2410"]
[BlackRD "76"]
[GameID "170825"]

1. e4 e5 2. Nf3 Nc6 3. Bb5 a6 4. Bxc6 dxc6 5. O-O Qd6 6. Na3 b5 7. d3 Ne7 8. Be3 Ng6 9. Nb1 Be7 10. Nbd2 O-O
11. a4 Be6 12. Ng5 Bxg5 13. Bxg5 f6 14. Be3 c5 15. b3 Rfd8 16. Qc1 c4 17. bxc4 bxc4 18. dxc4 Qc6 19. c5 Rab8 20. Qa3 Nf4
21. Rfe1 a5 22. Qc3 Rb4 23. Bxf4 exf4 24. Nb3 Bxb3 25. cxb3 Qe6 26. c6 Rd6 27. Rad1 Rxc6 28. Rd8+ Kf7 29. Qf3 Rc5 30. h4 Rxb3
31. Qxf4 Rb4 32. f3 Qe7 33. Rd2 Rbc4 34. Red1 Rc1 35. Rxc1 Rxc1+ 36. Kh2 Rc5 37. Rd4 Qe6 38. Qe3 h5 39. Rd8 Rc4 40. Rd5 Rxa4
41. Qf4 Rc4 42. Rxa5 g6 43. Qh6 Qd6+ 44. Kh3 Qd7+ 45. Kg3 Qd6+ 46. e5 fxe5 47. Qh7+
1-0

[Event "Vanilla Extract"]
[Site "SchemingMind.com"]
[Date "2008.09.16"]
[Round "-"]
[White "C. H. O'D. Schlechter"]
[Black "doodledandy"]
[Result "1-0"]
[WhiteCountry "USA"]
[BlackCountry "CAN"]
[WhiteElo "2444"]
[WhiteRD "79"]
[BlackElo "2421"]
[BlackRD "130"]
[GameID "170834"]

1. d4 Nf6 2. c4 e6 3. Nc3 Bb4 4. f3 d5 5. a3 Bxc3+ 6. bxc3 c5 7. cxd5 Nxd5 8. dxc5 Qa5 9. e4 Nf6 10. Be3 O-O
11. Kf2 Nc6 12. Qb3 Qc7 13. Ne2 e5 14. Rb1 Rb8 15. Ng3 Be6 16. Qa4 a6 17. Be2 Nd7 18. Rhd1 Na5 19. Rd6 Nxc5 20. Qb4 Rbc8
21. Rb6 Nab3 22. Rxb3 Nxb3 23. Rxe6 fxe6 24. Qxb3 Qxc3 25. Qxe6+ Kh8 26. Nf5 Rf6 27. Qd5 Qc7 28. a4 Rd8 29. Qb3 Rc8 30. Qb4 Rc6
31. Bf1 Rc2+ 32. Kg1 h6 33. h4 Ra2 34. Kh2 Qd7 35. Qb6 Rc6 36. Qb3 Rcc2 37. h5 Rab2 38. Qd5 Qe8 39. Kg3 Kh7 40. a5 Qxh5
41. Ne7 Qe8 42. Qxe5 Rb3 43. Bd4 Qf7 44. Bc5 Rd2 45. Qf5+ Qxf5 46. Nxf5 Rc2 47. Bd6 Rcc3 48. e5 g6 49. Nd4 Rb1 50. Be2 Ra1
51. Kf4 Kg7 52. Bb4 Rc8 53. Ke3 Ra4 54. Bd2 Ra2 55. f4 Ra3+ 56. Bd3 Re8 57. Nc2 Ra4 58. Be4 Rd8 59. Bxb7 g5 60. f5 Rxd2
61. Kxd2 Rxa5 62. e6 Rxf5 63. Nd4 Rc5 64. Bxa6 Kf6 65. Be2 g4 66. Bxg4 h5 67. Bf3 h4 68. Bg4 Rg5 69. Bh3 Rc5 70. Kd3
1-0